| 000 | 00000nas##2200000za#4500 |
| 001 | 9.512671 |
| 003 | CaOODSP |
| 005 | 20210615082716 |
| 007 | ta |
| 008 | 150406c1995||||xxc|| p #||||f| |0fre|d |
| 040 | |aCaOODSP|bfre |
| 043 | |an-cn--- |
| 086 | 1 |aF12-6F |
| 110 | 1 |aCanada. |bMinistère des finances. |
| 245 | 10|aTitres du gouvernement du Canada |
| 260 | |aOttawa - Ontario : |bFinances Canada |
| 310 | |aTrimestriel |
| 500 | |aTrois ou quatre fois par année; Trimestriel depuis 2004. |
| 520 | 3 |aCe bulletin trimestriel décrit le programme d'emprunt du gouvernement fédéral ainsi que l'évolution récente des marchés des titres à revenu fixe et de l'économie. Les données sont présentées dans des tableaux et des graphiques; elles comprennent des statistiques choisies sur l’économie canadienne. |
| 563 | |aDépliant |
| 775 | 08|tGovernment of Canada securities |w(CaOODSP)9.514243 |
| 776 | 0#|tTitres du gouvernement du Canada |w(CaOODSP)9.501424 |